00520nam a2200169Ia 4500100003600000650001600036942000700052366000700059654001600066245003500082260001800117082001400135300000900149546002300158999001700181952015200198 aConner/Nancy/ MacDonald mathew  aOffice 2013 cBK f20 aoffice 2013 aOffice 2013 the missing manual bOreillyc2013 a5.43bCON a1024 aENGLISHcComputers c24078d24078 001040708CRCaCRCEbCRCEd2023-03-17eBook Service Syndicateg1180.00i58 dt 11.06.2014l0o5.43 CONp23222r2023-03-17v1475.00w0000-00-00yBK